000 00613nam a2200205Ia 4500
999 _c54169
_d54169
005 20240530105230.0
008 140319s9999 xx 000 0 ara d
017 _bمصر. دار الكتب
040 _aGCL /
_cGCL
082 0 4 _a310.2
_bم م
_221
100 1 _aمحمد حسن غامرى
245 1 0 _aمقدمة فى الانثروبولوجيا العامة /
_cمحمد حسن غامرى
260 _c1989
300 _a202 ص
650 0 4 _aالاجتماع
_2qrmak
650 0 4 _aالانتربولوجيا
_2qrmak
650 0 4 _aعلم الانسان
_2qrmak
651 _2qrmak
942 _2ddc
_cBK